| 000 | 00438nam a22001337a 4500 | ||
|---|---|---|---|
| 040 | _cNUST | ||
| 082 | _a200 THE | ||
| 100 |
_aAnza Aqeel _984063 |
||
| 110 |
_aSupervisor DR. Ali Hassan _984064 |
||
| 245 | _aTH-SOF-1904-Automatic Prognosis System Using Recurrent Neural Network for Prediction of Alzheimer Disease | ||
| 260 |
_aISLAMABAD: _bNUST COLLEGE OF EME, _c2021. |
||
| 650 |
_aMS-COMPUTER ENGINEERING-17 _984065 |
||
| 942 |
_2ddc _cTHE |
||
| 999 |
_c586729 _d586729 |
||